[Event "FIDE-Wch k.o."]
[Site "Moscow"]
[Date "2001.12.03"]
[Round "4.1"]
[White "Ivanchuk, Vassily"]
[Black "Ye Jiangchuan"]
[Result "1-0"]
[WhiteElo "2731"]
[BlackElo "2681"]
[Annotator "Tsesarsky"]
[PlyCount "73"]
[EventDate "2001.11.27"]
[EventType "k.o."]
[EventRounds "7"]
[EventCountry "RUS"]
[Source "ChessBase"]
[SourceDate "2002.02.05"]

1. d4 Nf6 2. c4 g6 3. Nc3 Bg7 4. Nf3 O-O 5. e4 d6 6. Be2 e5 7. O-O Nc6 8. d5
Ne7 9. b4 a5 10. Ba3 b6 11. bxa5 Rxa5 12. Bb4 Ra8 13. a4 Re8 14. Qd3 {
Preparing Nb5.} (14. Re1 Bf8 15. Bf1 (15. h3 Bb7 16. Bf1 c5 17. Ba3 Bg7 18. Rb1
Bc8 19. Bc1 Bd7 20. Nb5 Nc8 21. g3 Rf8 22. Bg5 Kh8 23. Kh2 Ne7 24. Bd3 Ne8 25.
Bc2 $14 {
0-1 Van Wely,L-Ye Jiangchuan/Moscow RUS 2001/The Week in Chess 369 (57)}) 15...
c5 16. Ba3 Bh6 17. Bb2 {-see detailed commented game  0-1 Eljanov,P-Ponomariov,
R/Kharkov 2001/CBM 83_01 [Tsesarsky,I](46)}) 14... Nd7 15. Qb1 {
Preparing a4-a5 - now Bb4 is protected.} (15. Nb5 Nc5 16. Bxc5 bxc5 17. a5 Ba6
18. Rfb1 Rf8 $132) 15... Bh6 16. a5 Nc5 {How this game shows, this
plan(Nf6-d7-c5) is wrong! Ivanchuk refutates it in excellent style.} 17. axb6
Rxa1 18. Qxa1 cxb6 19. Rb1 Qc7 $2 $16 ({Right was active} 19... f5 20. Bxc5
bxc5 21. Bd3 (21. Rb8 Qd7 22. Bd3 Rf8) 21... Rf8 22. Rb8 Qd7 23. Bc2 (23. Qa4
Qxa4 24. Nxa4 fxe4 25. Bxe4 Bg4 26. Rxf8+ Kxf8 $11) 23... fxe4 (23... Bf4 24.
Qa8 Kg7 25. exf5 Nxf5 26. Na4 $16) 24. Nxe4 Nf5 25. Qa8 Qd8 26. Qc6 $14) 20.
Nb5 Qd8 {Black loses two tempi, compare this position with noted above one!} (
20... Qd7 21. Bxc5 bxc5 22. Qa5 $16) 21. Bxc5 bxc5 22. Qa7 Bg4 $6 {Wrong plan.}
({More stubborn was} 22... f5 23. Bd3 fxe4 24. Bxe4 Rf8 25. Qb8 Nf5 (25... Bf5
26. Qxd8 Rxd8 27. Bxf5 Nxf5 28. g4 Nd4 29. Nbxd4 cxd4 30. g5 Bf8 (30... e4 31.
Nxd4 $18) 31. Rb7 h6 32. h4 Ra8 33. Nd2 hxg5 34. hxg5 Re8 35. Ne4 Be7 (35...
Re7 36. Nxd6 d3 37. Kf1 Rxb7 38. Nxb7 Be7 39. d6 $18) 36. Kf1 $16) 26. Ra1 Bd7
27. Qxd8 Rxd8 28. Ra6 Bf8 29. h3 $16) 23. h3 Nc8 (23... Bxf3 24. Bxf3 Nc8 25.
Qb8 $18 {-like in this game.}) 24. Qb8 Bxf3 25. Bxf3 $18 Bg5 26. Ra1 ({
Wins also} 26. Bg4 $5 Nb6 27. Qxd6 Nxc4 28. Qxc5 Nd2 29. Rb4 $18 (29. Re1 Qa5
$132)) 26... h5 27. Ra6 Be7 28. Rc6 (28. g3 Qd7 29. h4 Rd8 30. Rc6 Bf6 31. Bg2
$18) 28... Rf8 ({Or} 28... Bf8 29. Rc7 Bh6 30. h4 $1 $18 ({Useless is} 30. Bd1
$6 Bg5 31. Qb7 $18)) 29. Rc7 Bg5 30. Qb7 Bd2 31. h4 $1 Ba5 32. Rc6 Be1 33. g3
Qa5 (33... Bd2 34. Bg2 Be1 35. Kf1 $1 $18 ({
White doesn't need complications after premature} 35. Bh3 $2 Qf6 $1 36. Rxc8
Qxf2+ 37. Kh1 Qxg3 38. Rxf8+ Kxf8 39. Qc8+ Kg7 40. Nxd6 Bf2 41. Bg2 Be3 $1 42.
Qf5 $3 Qe1+ 43. Qf1 Qxh4+ 44. Bh3 $16) ({Or} 35. Qa6 $4 Qf6 36. Rxc8 Qxf2+ 37.
Kh1 Qxg3 38. Rxf8+ Kxf8 39. Qxd6+ Kg7 40. Qxc5 Bd2 $1 41. Qg1 Qxh4+ 42. Qh2
Qe1+ 43. Qg1 Qh4+ $11)) 34. Kf1 $1 Qd2 35. Be2 Ne7 36. Qxe7 Bxf2 37. Kxf2 1-0

[Event "FIDE-Wch k.o."]
[Site "Moscow"]
[Date "2001.12.05"]
[Round "4.3"]
[White "Lautier, Joel"]
[Black "Nikolic, Predrag"]
[Result "1-0"]
[WhiteElo "2653"]
[BlackElo "2652"]
[Annotator "Ftacnik"]
[PlyCount "121"]
[EventDate "2001.11.27"]
[EventType "k.o."]
[EventRounds "7"]
[EventCountry "RUS"]
[Source "ChessBase"]
[SourceDate "2002.02.05"]

1. d4 d5 2. c4 c6 3. Nc3 Nf6 4. e3 g6 5. Nf3 Bg7 6. Be2 O-O 7. O-O b6 8. Bd2
Bb7 9. b4 Ne4 (9... dxc4 10. Bxc4 Nd5 11. Qb3 e6 12. e4 Nxc3 13. Bxc3 Ba6 14.
Ne5 Bxc4 15. Qxc4 Qe7 16. f4 f6 17. Nf3 Kh8 18. f5 exf5 19. exf5 Qf7 20. Qxf7
Rxf7 21. fxg6 hxg6 22. Ne5 {1-0 Krasenkow,M-Okuniewski,B/Krynica/1997/ (48)})
10. Rc1 Nxd2 (10... Nd7 11. Nxe4 dxe4 12. Ng5 $14) 11. Qxd2 Nd7 (11... dxc4 12.
Bxc4 a5 13. b5 cxb5 14. Nxb5 Bxf3 15. gxf3 Qd7 16. Qe2 $14) 12. Rfd1 (12. cxd5
cxd5 13. Rc2 Rc8 14. Rfc1 e5 (14... e6 15. b5 $14) 15. dxe5 Nxe5 16. Nxe5 Bxe5
17. Nb5 $14) 12... e6 13. cxd5 exd5 (13... cxd5 14. Rc2 $14) 14. b5 c5 (14...
Rc8 15. bxc6 Rxc6 16. Rc2 $14) 15. dxc5 Nxc5 $6 {Nikolic hopes to get
counterplay with a refined jump of his knight to c3, but his chances will be
seriously worse.} (15... Bxc3 16. Qxc3 bxc5 17. a4 Re8 18. a5 d4 19. Qd2 $14)
16. Nxd5 Ne4 (16... Rc8 17. Nf4 $16) 17. Qd3 (17. Qe1 Bxd5 18. Bc4 Bc3 $1 19.
Rxc3 Nxc3 20. Qxc3 Rc8 $15) 17... Bxd5 (17... Nc5 18. Qb1 Bxd5 19. Bc4 Be4 20.
Rxd8 Bxb1 21. Rxa8 Rxa8 22. Rxb1 $16) 18. Qxd5 Nc3 (18... Qxd5 19. Rxd5 Nc3 20.
Rd2 Rfd8 21. Kf1 Rxd2 22. Nxd2 Nxa2 23. Rc7 Be5 24. Rd7 Nc3 25. Bc4 $16) 19.
Qxd8 Raxd8 (19... Nxe2+ 20. Kf1 Rfxd8 21. Rxd8+ Rxd8 22. Kxe2 $16) 20. Re1 (20.
Rxd8 $4 Nxe2+ 21. Kf1 Nxc1 $19) 20... Rd5 (20... Nxa2 21. Rc7 Nc3 22. Bc4 Rc8
23. Bxf7+ Kh8 24. Rxa7 Nxb5 25. Rd7 $16) 21. Bf1 Rfd8 (21... Nxb5 $2 22. e4 Rh5
23. g4 $18) (21... Nxa2 $5 22. Rc7 Nc3 23. Rxa7 Nxb5 24. Rb7 $14) 22. a3 Rc5 (
22... Nxb5 $2 23. e4 $18) 23. Rc2 Kf8 (23... Rdc8 24. Nd4 $14) 24. h3 Rdd5 25.
Rec1 {
Lautier can play this endgame without any risk, black has little counterplay.}
Na4 (25... Nxb5 $2 26. Rxc5 $18) 26. Rxc5 Nxc5 (26... Rxc5 27. Rxc5 bxc5 28.
Bd3 Nb2 29. Bc2 $16) 27. Be2 Ke7 28. Kf1 Bb2 29. Rc2 Na4 (29... Bxa3 30. Ra2
Bb4 31. Rxa7+ Kf6 32. Bc4 Rd7 $16) 30. Rc7+ Rd7 31. Rc4 Nc5 (31... Nc3 32. a4
f5 33. Nd4 $18) 32. a4 f5 33. a5 Kf6 34. Rc2 Ba1 (34... Ba3 35. a6 $16) 35.
axb6 axb6 36. Nd2 Ra7 37. Nc4 Be5 38. g4 (38. Nxe5 $2 Ra1+ 39. Bd1 Kxe5 40. Ke2
Rb1 $11) 38... Bc7 39. Rd2 Ra4 $2 {
The typical time trouble mistake, black overlooks simple combination.} (39...
Ne4 40. Rd7 Ra1+ 41. Kg2 Ra2 42. Rxc7 Rxe2 43. Rxh7 Rxf2+ 44. Kg1 $16) (39...
Ke7 40. gxf5 gxf5 41. Kg2 $16) 40. Nxb6 $1 Ra1+ 41. Kg2 Bxb6 42. Rd6+ Ke7 43.
Rxb6 Ra2 44. Bf3 (44. Kf3 Nd7 (44... Ne4 45. gxf5 gxf5 46. h4 $18) 45. Re6+
Kxe6 46. Bc4+ Kd6 47. Bxa2 $18) 44... Nd3 45. gxf5 gxf5 46. Rh6 Rxf2+ (46...
Nxf2 47. Kg3 $18) 47. Kg3 Rb2 48. b6 Ne5 (48... Kf8 49. b7 Kg7 50. Rd6 Ne5 51.
Bd5 $18) 49. Bd5 Nd7 50. Rxh7+ Kd6 51. b7 Kxd5 (51... Nf8 52. Rf7 Kxd5 53.
Rxf5+ Ke4 54. Rxf8 Rxb7 55. Re8+ Kf5 56. h4 $18) 52. Rxd7+ Ke6 53. Rc7 Rb4 (
53... Kd6 54. Rh7 Ke5 55. h4 Rb3 56. Kf2 f4 57. exf4+ Kxf4 58. Ke2 $18) 54. h4
Kf6 55. Kf3 Kg6 56. Ke2 Kh5 57. Kd3 Rb1 (57... Kxh4 58. Rc4+ $18) 58. Kd4 Kg4 (
58... Kxh4 59. Kc5 Kg4 60. Kc6 $18) 59. Rh7 f4 60. exf4 Kxf4 61. Kd5 1-0

[Event "FIDE-Wch k.o."]
[Site "Moscow"]
[Date "2001.12.07"]
[Round "5.5"]
[White "Svidler, Peter"]
[Black "Gelfand, Boris"]
[Result "1-0"]
[WhiteElo "2686"]
[BlackElo "2701"]
[Annotator "Ftacnik"]
[PlyCount "97"]
[EventDate "2001.11.27"]
[EventType "k.o."]
[EventRounds "7"]
[EventCountry "RUS"]
[Source "ChessBase"]
[SourceDate "2002.02.05"]

1. e4 e6 2. d4 d5 3. e5 c5 4. c3 Qb6 5. Nf3 Bd7 6. a3 Bb5 7. c4 dxc4 8. Nc3
cxd4 9. Nxb5 Qxb5 10. Qxd4 Nc6 (10... Bc5 11. Bxc4 Qb6 12. Qh4 Nc6 13. O-O a5 (
13... Nge7 14. b4 Bd4 15. Nxd4 Nxd4 16. Bb2 Ndf5 17. Qe4 O-O 18. Rfd1 Rfd8 19.
Rd3 Rxd3 20. Bxd3 Ng6 {0-1 Menshikov,A-Davydov,S/Orsk/2000/ (42)}) 14. Qg3 g6
15. Ng5 Be7 16. b3 Qd4 17. Bf4 Bxg5 18. Bxg5 Qxe5 19. Bf4 Qg7 20. Bd2 Nf6 21.
Bc3 O-O 22. Rfe1 {1-0 Gunnarsson,J-Kjartansson,D/Reykjavik 1999/ (40)}) 11. Qf4
Qa5+ 12. Bd2 Bb4 13. Bxc4 (13. Bxb4 Nxb4 14. O-O-O Nd5 15. Qxc4 a6 16. Kb1 Nge7
17. Qg4 Rc8 18. Bd3 Rc6 19. Nd2 O-O 20. Qe4 Ng6 21. g3 Rb6 {
0-1 Fofanov,I-Badmatsyrenov,O/Smolensk 2001/ (31)}) 13... Bxd2+ (13... Nge7 14.
Bxb4 Nxb4 15. O-O Nbd5 16. Qe4 $14) 14. Qxd2 Qc5 (14... Qxd2+ 15. Kxd2 Rd8+ 16.
Ke3 Nge7 17. Rhd1 $14) 15. Qc3 Nge7 (15... Na5 16. Rc1 Nxc4 17. Qxc4 Qxc4 18.
Rxc4 Ne7 19. Ke2 Nd5 20. Rhc1 Kd7 21. Ng5 $14) 16. b4 Qb6 (16... Nd5 17. Qb3
Qb6 18. Bxd5 exd5 19. Qxd5 O-O 20. O-O $16) 17. O-O O-O 18. Rad1 {
White has more space and great potential in active bishop.} Rad8 19. Bd3 h6 (
19... Nd5 20. Qc4 Nce7 21. Rd2 Rd7 22. Rfd1 $14) 20. h4 Rd5 (20... Nd5 21. Qc4
f6 22. exf6 Rxf6 23. Qe4 $14) 21. Be4 Rxd1 (21... Rdd8 $5) 22. Rxd1 Rd8 23. Rd6
$1 Rc8 (23... Rxd6 24. exd6 Nd5 25. Qc4 Nf6 26. Bxc6 bxc6 27. Ne5 $16) 24. Qd3
a6 25. h5 Rd8 26. Nh2 Nc8 (26... Rxd6 27. exd6 Nd5 28. Bxd5 exd5 29. Qxd5 $16)
27. Rd7 (27. Rxd8+ Qxd8 28. Qxd8+ Nxd8 29. Ng4 $14) 27... N8e7 28. Ng4 Rxd7 (
28... Nd5 29. Nxh6+ $1 gxh6 30. Qg3+ Kf8 (30... Kh8 31. Rxf7 $18) 31. Rxf7+ $1
Kxf7 32. Qg6+ Kf8 (32... Ke7 33. Qg7+ Ke8 34. Bg6#) 33. Qxh6+ Ke8 34. Qxe6+ Kf8
(34... Nde7 35. Bg6+ $18) 35. Bxd5 Rxd5 36. Qxd5 Qd4 37. Qxd4 Nxd4 38. Kh2 $16)
29. Qxd7 Qd8 (29... Kf8 30. g3 a5 31. bxa5 Qxa5 32. Bxc6 Nxc6 33. Qxb7 Qe1+ 34.
Kh2 $16) 30. Qxb7 Nxe5 31. Ne3 {The pawn assymetry helps the player with a
bishop, Gelfand faces serious problems.} (31. Nxe5 $2 Qd1+ 32. Kh2 Qxh5+ 33.
Kg1 Qd1+ 34. Kh2 Qh5+ $11) 31... f5 (31... Nc4 32. Nxc4 Qd1+ 33. Kh2 Qxh5+ 34.
Kg3 Qg5+ 35. Kf3 f5 36. Bd3 Qg4+ 37. Ke3 Nd5+ 38. Kd2 Qf4+ 39. Kc2 Qxf2+ 40.
Kb3 Qg3 41. Nb2 $16) 32. Bc2 Qd6 33. Bb3 (33. Qa8+ Kh7 (33... Kf7 34. Ba4 Nd5
35. Nxd5 exd5 36. f4 $16)) 33... f4 (33... Kh7 34. Qa8 Qb6 35. Qf8 Qd6 36. Qe8
$16) 34. Nc4 Nxc4 (34... Qd3 35. Nxe5 Qxb3 36. Qa8+ (36. Qxe7 $2 Qd1+ 37. Kh2
Qxh5+ 38. Kg1 Qxe5 $11) 36... Kh7 37. Qxa6 Qd1+ 38. Qf1) 35. Bxc4 Qd1+ 36. Bf1
$1 Nf5 37. Qxa6 Nd4 (37... Kf7 38. Qe2 Qa4 39. Qf3 $18) 38. Qd3 Qa1 (38... Qxd3
39. Bxd3 $18) 39. b5 {
The b pawn can be stopped only at a great cost of freeing white pieces.} e5 (
39... Qb2 40. a4 Kf7 41. a5 $18) 40. b6 f3 (40... Qb2 41. Qc4+ Kf8 42. Qc8+ $18
) 41. gxf3 (41. b7 Ne2+ 42. Kh2 Qb2 43. Qxf3 $18) 41... Qb2 42. Qc4+ Kf8 (42...
Kh8 43. Qc8+ Kh7 44. Bd3+ $18) 43. Qc5+ Kf7 44. Bc4+ Kf6 (44... Ke8 45. Kg2 $18
) 45. Qf8+ Kg5 46. Qxg7+ Kf5 47. Bd3+ (47. Qg6+ $1 $18) 47... Ke6 48. Bc4+ Kf5
(48... Kd6 49. Qc7#) 49. Qg6+ (49. Qg6+ Kf4 50. Qg4#) 1-0

[Event "FIDE-Wch k.o."]
[Site "Moscow"]
[Date "2002.01.17"]
[Round "7.2"]
[White "Ivanchuk, Vassily"]
[Black "Ponomariov, Ruslan"]
[Result "1/2-1/2"]
[WhiteElo "2717"]
[BlackElo "2727"]
[Annotator "Knaak"]
[PlyCount "116"]
[EventDate "2001.11.27"]
[EventType "k.o."]
[EventRounds "7"]
[EventCountry "RUS"]
[Source "ChessBase"]
[SourceDate "2002.02.05"]

{Das Motto dieser Partie könnte lauten: 'Aktivität um jeden Preis'} 1. d4 d5 2.
c4 dxc4 3. e4 Nf6 4. e5 Nd5 5. Bxc4 Nb6 6. Bd3 Nc6 7. Ne2 Bg4 $1 {
Provoziert die Schwächung des weißen Königsflügels.} 8. f3 Be6 9. Nbc3 Bc4 $5 {
Obwohl dieser Zug über 10 Jahre alt ist, kam er noch nicht häufig vor.} 10.
Bxc4 Nxc4 11. O-O ({Als gut galt} 11. Qb3 Nb6 12. e6 fxe6 13. Qxe6 {doch} Qd7
$1 {(statt 13...Nxd4)} 14. Qxd7+ Kxd7 15. O-O {1/2-1/2 Khalifman,A-Magem
Badals,J/Liepaja 2001/CBM 85 (15) scheint nichts herzugeben für Weiß.}) 11...
e6 12. a3 {Neu.} ({RR} 12. f4 Qd7 13. Qd3 Nb6 14. f5 O-O-O 15. Bg5 Be7 16. Bxe7
Qxe7 17. Qg3 g6 18. f6 Qb4 19. a3 Qc4 20. Rad1 Rd7 21. Qe3 Qb3 22. d5 Nc4 23.
Qh3 (23. Qc5 exd5 24. e6 Rd6) 23... Qb6+ 24. Kh1 N6xe5 25. b3 Qxb3 26. dxe6
fxe6 27. Qxe6 Qb6 28. Qh3 Qe3 29. f7 Rf8 30. Qe6 Nd3 31. Qxc4 Nf2+ 32. Rxf2
Qxf2 33. Rxd7 Qf1+ 34. Ng1 Qxc4 {
0-1 Chow,A-Shamkovich,L/Chicago 1990/EXT 97 (34)}) 12... Qd7 13. Kh1 Be7 14.
Qb3 {Der muss immer irgend wann gespielt werden.} Nb6 15. Be3 O-O {Stellungsein
schätzung: Positionell steht Schwarz okay (guter Läufer, intakte
Bauernstruktur), aber der Raumvorteil und die halboffene c-Linie sollten eher
Weiß favorisieren.} 16. Rac1 a5 17. Rfd1 a4 18. Qc2 Rfd8 19. Nf4 {
Jetzt ist Weiß zu d4-d5 bereit.} Ra5 {
Lässt scheinbar eine gute Chance passieren:} (19... Nc4 $5 20. Bf2 Bg5 21. g3 (
21. Nce2 b5 {mit der Absicht Ne7} 22. d5 $1 $13) 21... b5 (21... Ne7 $6 22. Ne4
Bxf4 23. gxf4 b5 24. Rg1 Ng6 25. h4 $40) (21... Qe7 $5) 22. Nxb5 (22. Ne4 Bh6
$1) 22... N6a5 23. Nc3 Nb3 24. Rb1 $13) 20. Qe4 $1 {Jetzt steht Weiß besser.}
g6 {Verhindert Nh5} (20... -- 21. Nh5 Nc4 22. Qg4 g6 23. Ne4 Nxe3 24. Nhf6+ Kg7
25. Qh4 h6 26. Qe1 Nxd1 27. Nxd7 $18) 21. Qc2 $1 {Starkes Rückehrmotiv: nun
folgt Ne4 mit größerer Kraft als vorher, weil das Feld f6 geschwächt wurde.
Ich glaube, nun steht Weiß eindeutig besser.} Qe8 ({
Das erwähnte Motiv funktioniert nicht mehr:} 21... Nc4 22. Bf2 Bg5 23. Ne4) 22.
Qe2 {22.Ne4 war möglich, aber Weiß hat Zeit...} Rd7 23. Rc2 {Es fragt sich,
was passiert, wenn Schwarz nun völlig passiv agiert, was kann Weiß machen?
Aber nach den Erfahrungen der ersten Partie entscheidet sich Ponomariov für
aktives Spiel.} Nd5 $5 {So hätte Fritz nie gespielt, auch menschliche Spieler
finden den Zug zweifelhaft. Ponomariov möchte sich nicht, wie Ivanchuk zuvor,
zusammenschieben lassen.} 24. Ncxd5 exd5 25. Rdc1 f6 $1 {
Hier würde passives Spiel nur Weiß in die Hände spielen.} 26. Nd3 (26. e6 $6
Rd6 {und der Pe6 ist eher schwach als stark.}) 26... fxe5 27. dxe5 d4 28. Bh6
g5 {Mut, Verzweiflung oder genaue Berechnung?} 29. Rxc6 $5 {
Nicht notwendig, aber stark. Auch f4 und vor allem Qd2 sind gut.} (29. Qd2 Rad5
(29... Qg6 30. Rxc6 bxc6 31. Qxa5 Qxd3 32. Qxa4) 30. Bxg5 Nxe5 31. Nxe5 Rxe5 (
31... Bxg5 32. Nxd7 Qf7 33. Qb4 Bxc1 34. Qxb7 Rxd7 35. Rxc1 $16) 32. Bf4) 29...
bxc6 30. Rxc6 Bd6 {Ich denke, bei "normalen" Zuegen gewinnt Weiss leicht, er
hat die Dame als Reserve, alle Figuren decken sich, mit h4 und dann f4, f5
gibt es eine gute Idee.} (30... Bd8 $5) 31. f4 Rf7 (31... gxf4 32. Qg4+ Kh8 33.
exd6 $18) 32. Rc1 Rxf4 $1 {Wieder spielt Ponomariov aktiv! Er rettet sich in
ein Endspiel mit Minusfigur aber ein paar Remischancen.} 33. Nxf4 Rxe5 34. Qc4+
Qf7 35. Nd3 Rf5 36. Qxf7+ (36. g3 {sollte leicht gewinnen.}) 36... Kxf7 37. h4
gxh4 38. Kg1 Ke6 {noch Kd5, c5 und Schwarz waere gerettet.} 39. Rc4 h3 $1 {
Wieder aktiv gespielt um den Preis von Material - fuer den schwarzen Koenig
wird das Feldf3freigekaempft!} 40. gxh3 {Das ist eine forcierte Variante.} Kd5
41. Rxa4 Ke4 42. Nf2+ Kf3 {Hat Ivanchuk die Figur bewusst zurueckgegeben?} 43.
Rxd4 $2 {Gibt die Figur unnoetig zurueck.} (43. Rc4 $1 {sollte gewinnen.})
43... Bc5 {Weiss steht immer noch besser.} 44. Rd2 Rf6 (44... Kg3 $5 {
Ja, der kommt in Frage.} 45. Rd3+ Rf3 46. Rxf3+ Kxf3 {Ja, Weiss hat gute
Gewinnchancen. Bei so wenig Material bin ich etwas vorsichtig.}) 45. Bg5 (45.
Rc2 $5 {vielleicht die letzte Chance. Der Lh6 kann erhalten bleiben.} Bd4 (
45... Bb6 46. Bc1 (46. Rc3+ Ke2 47. Be3 {sagt Herr Fritz}))) 45... Rg6 {
Jetzt gewinnt Schwarz den Laeufer statt des Springers und hat damit das Remis
fast sicher.} 46. Kf1 Rxg5 47. Rd3+ Kf4 48. Rc3 Bb6 49. b4 Rd5 50. Rd3 Rf5 {
Schwarz hat es nicht noetig den Turm zu tauschen.} 51. Nd1 c5 {
Das war's endgueltig.} 52. Nc3 cxb4 53. axb4 {Haette Weiss einen Laeufer und
Schwarz einen Springer, saehe die Sache anders aus.} Ke5+ 54. Ke1 Rf4 55. Rd5+
Ke6 56. Rb5 Bc7 57. Nd5 Re4+ 58. Kf2 Bd6 {Der b4 geht verloren. remis Ivanchuk
hat also den Gewinn ausgelassen. Ich scheue mich, das Glueck fuer Ponomariov
zu nennen. Er hat sich glaenzend verteidigt. Es war m.E. eine hochklassige
Partie.} 1/2-1/2

[Event "FIDE-Wch k.o."]
[Site "Moscow"]
[Date "2002.01.21"]
[Round "7.5"]
[White "Ponomariov, Ruslan"]
[Black "Ivanchuk, Vassily"]
[Result "1-0"]
[WhiteElo "2727"]
[BlackElo "2717"]
[Annotator "Knaak"]
[PlyCount "127"]
[EventDate "2001.11.27"]
[EventType "k.o."]
[EventRounds "7"]
[EventCountry "RUS"]
[Source "ChessBase"]
[SourceDate "2002.02.05"]

1. e4 e5 2. Nf3 Nc6 3. Bb5 a6 4. Ba4 Nf6 5. O-O Be7 6. Re1 b5 7. Bb3 O-O {
Bereit zum Marshall-Angriff.} 8. h3 {Blatny: "Es ist eine 'moralische'
Genugtuung für jeden Marshall-Angriff-Anhänger, wenn man sieht, dass selbst
der stärkste Spieler auf der Erde lieber dieser Eröffnung ausweicht."  Nun,
das hat er zu einer Partie von Kasparov gesagt, aber vielleicht kann es bald
auch für Ponomariov gelten?} (8. c3 d5 $5 {- Marshall}) 8... Bb7 9. d3 d6 10.
a3 Nb8 11. Nbd2 Nbd7 12. Nf1 Re8 13. Ng3 c6 14. Nh2 {
Es ist wohl keine gute Idee der Vorgängerpartie auszuweichen.} ({RR} 14. Nf5
Bf8 15. Nh2 d5 16. Qf3 Kh8 17. Bg5 h6 18. Bh4 $16 {
1-0 Shirov,A-Adams,M/Wijk aan Zee 1998/CBM 63 (40)}) 14... d5 15. Qf3 g6 $1 {
Damit wird der Sg3 kaltgestellt - die Schwächung der schwarzen Felder spielt
dagegen keine Rolle.} 16. Ba2 Bf8 17. Bg5 h6 18. Bd2 Bg7 19. Ng4 Nxg4 20. hxg4
{Das weiße Spiel macht keinen überzeugenden Eindruck.} Nc5 21. Rad1 Rc8 22. Nf1
Ne6 23. Qg3 (23. Qh3 $5) 23... Kh7 24. Nh2 f6 25. Nf3 c5 26. Qh2 $6 (26. Qh3)
26... Nd4 $1 27. Nxd4 cxd4 28. c3 $6 ({Nach} 28. Rc1 {
ist Weiß noch im Geschäft.}) 28... dxc3 29. bxc3 dxe4 30. dxe4 Qe7 {
Die weißen Figuren sind unkoordiniert, Schwarz steht klar besser.} 31. a4 bxa4
32. Qh3 {Weiß droht jetzt 33.Lxh6! Lxh6 34.g5; wäre die Dame doch gleich nach
h3 gegangen.} Red8 {Schwarz hat keine Mühe die Drohung abzuwehren.} (32... --
33. Bxh6 Bxh6 34. g5 $18) 33. Qf3 Rc7 $1 34. Bc1 Rcd7 {Es ist nicht nur der
Mehrbauer: a4 ist schon recht weit vorn, e4 ist schwach, Schwarz hat die
d-Linie.} 35. Bb1 Qe6 36. Rxd7 Rxd7 37. Bc2 Bc6 38. Rd1 Qa2 39. Rxd7 Bxd7 40.
Qd1 Bb5 (40... Bxg4 $5 {hat Ivanchuk sicher gesehen, und bei knapper Zeit wegen
} 41. Qxg4 Qxc2 42. Bxh6 $1 {verworfen; doch es geht weiter:} f5 (42... Qxc3
43. Bxg7 Kxg7 44. Qd7+ Kh6 45. Qxa4 a5) 43. exf5 Qxf5 44. Qxf5 gxf5 45. Bc1 Bf8
{Schwarz sollte gewinnen.}) 41. Be3 Qc4 $19 42. Kh2 Bc6 43. Qa1 Bf8 44. Bb1 a3
(44... Bxe4 {war sicher stark genug.}) 45. f3 Qb3 46. Qa2 Ba4 $1 {Weiß kann nun
nicht mehr viel ziehen; allerdings ist es für Schwarz technisch schwierig,
irgendwann den Bc3 einzusammeln - Weiß hat dann meistens einen Damenausfall. 
Am besten ist wohl der Übergang ins Endspiel.} 47. Kg3 Kg7 $2 {Wirft den Gewinn
weg. Vermutlich ist hier schon das Endspiel gewonnen, aber Ivanchuk könnte
auch zunächst ein paar nützliche Züge machen.} (47... Be7 48. Kh3 Kg7 49. Kh2
a5 50. Bd2 Qxa2 51. Bxa2 Bc2 52. Kg1 a4 53. Bd5 Bb3 54. Bc1 a2 55. Bb2 Ba3 56.
Ba1 Bc1 {Wäre der weiße König näher dran, würde Schwarz mit Kf8-e7-d6 gewinnen.
} 57. Kf2 Bxd5 58. exd5 a3 $19) 48. Qd2 $1 g5 {Ivanchuk verschmäht das Remis -
wer will es ihm verdenken - und begibt sich in Verlustgefahr.} (48... Qxb1 49.
Bxh6+ Kg8 50. Qd5+ Kh8 51. Bxf8 Qe1+ 52. Kh2 Qh4+ $11) 49. Ba2 Qb7 50. Qd3 Be8
51. Qd5 Qxd5 (51... Qf7 52. c4 -- 53. c5) 52. exd5 {
Objektiv sollte das Endspiel remis sein.} a5 53. c4 Bb4 54. c5 Kf8 55. Kf2 Bb5
56. c6 Ke7 57. Ba7 Kd8 58. Bb6+ Kc8 $2 ({Nach} 58... Ke7 {
sehe ich nicht, wie Weiß Fortschritte machen will.} 59. Ke3 Ba4 60. Kd3 Bb5+
61. Ke4 {aber es gibt keinen Zugzwang.}) 59. Ke3 $18 a4 (59... Ba4 {
war die einzige Chance:} 60. Kd3 $1 (60. Bc4 Bd6 61. Bxa5 Bc2) 60... Bd6 (60...
Bb5+ 61. Ke4 $18) 61. Bxa5 Bd1 62. Bc4 Ba4 63. Kc3 Bd1 64. Kd2 Ba4 65. Kc1 $18
{Zugzwang}) 60. Ke4 Be2 61. Kf5 e4 62. Ke6 exf3 63. d6 Bxd6 64. Kxd6 {
Während sich Ponomariov das Remis in der 2. Partie mit einer starkenVerteidigun
g verdient hatte, ist nun dieser Punktgewinn äußerst glücklich. Die
fragwürdige Bedenkzeitregelung der FIDE verhinderte, dass Ivanchuk die Partie
sauber nach Hause fuhr.  Schade auch für das Match, das nun wohl entschieden
ist.} 1-0